Speedy Word Ladder Quiz Stats

 Plays Quiz not verified by Sporcle

Challenge
Share
Tweet
Embed
Score 0/29 Timer 02:00
0 Plays Today
Hint Answer % Correct
Something that is not thick.Thin
100%
Lower part of the face.Chin
100%
The british equivalent of 'fries' Chip
96.7%
Another word for a manChap
93.3%
A noise made by hitting both hands togetherClap
90%
Turn something upside downFlip
83.3%
An object used to close thingsClip
80%
When a flag moves in the windFlap
70%
The former name of ThailandSiam
70%
____ Morning. A British daytime tv programme.This
66.7%
Sliding on something like ice or a banana skinSlip
66.7%
Ejecting saliva from the mouth Spit
66.7%
An open pastry, typically with a shortcrustFlan
63.3%
A small opening Slit
63.3%
A pimple or blemish usually on the faceSpot
63.3%
Hint Answer % Correct
A type of machine found in casinos Slot
63.3%
The plan against something or someone Plot
63.3%
Schedule, programme, procedure, itinerary Plan
60%
Jumping over a ropeSkip
60%
To hit something really hardSlam
56.7%
Diet, reduce, slenderise Slim
56.7%
To remove the fat from milk Skim
56.7%
Band, faction, gang, mob, tribeClan
53.3%
Something that covers the whole bodySkin
50%
Abbreviation for professorProf
50%
PC _____, the loveable policeman from noddyPlod
43.3%
To pokeProd
43.3%
A girls name originating from WalesSian
33.3%
Science fiction novel by A.E Van VogtSlan
30%

You're not logged in!

Compare scores with friends on all Sporcle quizzes.
Join for Free
OR
Log In

You Might Also Like...

Show Comments

Extras

Created Oct 17, 2013ReportNominate
Tags:Word Ladder Quiz, hard

Top Quizzes Today


Score Distribution

Your Account Isn't Verified!

In order to create a playlist on Sporcle, you need to verify the email address you used during registration. Go to your Sporcle Settings to finish the process.

Report this User

Report this user for behavior that violates our Community Guidelines.

Details: